000 00298nam a2200145Ia 4500
100 _aPfleeger/Lawrence
250 _a2
942 _cBK
654 _asoftware
245 _aSoftware Engineering
260 _bPearson Education
_c2001
082 _a5.1
_bPFL
300 _a659
546 _aENGLISH
999 _c30555
_d30555